LEADER 01552nam a2200325 a 4500 001 000000168683 003 CaOOAMICUS 005 20180712104422.0 008 180712s2017 be u000 u fre r 020 $a978-2-503-57602-2* 032 $aLibriCat 040 $aPUL$bita 082 04$a347.5 100 1 $aSol, Thierry,$d1971-$0(OLS)http://pul/name/98949 245 10$aDroit subjectif ou droit objectif? :$bLa notion de ius en droit sacramentaire au XIIe siècle /$cThierry Sol. 260 $aTurnhout :$bBrepols,$c©2017. 300 $a331 p. ;$c24 cm. 490 1 $aMedieval and early modern political theology. Historical and theoretical perspectives ;$v02 504 $aBibliografia in nota. 650 4$aSacramenti (diritto canonico)$ySec. XII.$0(OLS)http://pul/subject/45573 650 4$aDiritto medievale.$0(OLS)http://pul/subject/60 830 0$aMedieval and early modern political theology.$pHistorical and theoretical perspectives ;$v02.$0(OLS)http://pul/title/209137 850 $aPUL 852 $aPUL$W1$xSL Diritto e Scienze Sociali 3$y79$m347. 5 SOLTH 1$j192115$qDDC 21$B196607$CPULBib$Z2$F196607 $H131188 $81 941 1 $a9 996 $6020$a978-2-503-57602-2*$9(OLS)http://pul/number/164534 996 $6082$a347.5$9(OLS)http://pul/classification/1910 996 $6245$aDroit subjectif ou droit objectif? :$bLa notion de ius en droit sacramentaire au XIIe siècle$9(OLS)http://pul/title/209136 996 $6260$aTurnhout :$bBrepols$9(OLS)http://pul/publisher/47850 LEADER 01731namaa2200373 i 4500 001 000000177976 003 CaOOAMICUS 005 20250804111815.0 008 250804s2025 it u000 u ita r 020 $z978-88-291-1706-2* 032 $aLibriCat 040 $aPUL$bita 084 $a343.45 110 1 $aItalia.$0(OLS)http://pul/name/1188 245 10$aCodice tributario :$baggiornato con la legge di bilancio 2025 (L. 30 dicembre 2024, n. 207) e i decreti di attuazione della legge delega fiscale /$cGiuseppe Di Dio, Attilio Pezzinga. 250 $a71. edizione 260 $aPiacenza :$bLa Tribuna,$c©2025. 300 $a2705 pagine ;$c19 cm 336 $atesto$btxt$2rdacontent 337 $asenza mediazione$bn$2rdamedia 338 $avolume$bnc$2rdacarrier 490 1 $aI codici vigenti 2025 500 $aIn copertina: Aggiornato a oggi con la App Tribunacodici. 700 1 $aDi Dio, Giuseppe,$d1961-,$ecuratore.$0(OLS)http://pul/name/45471 700 1 $aPezzinga, Attilio,$ecuratore.$0(OLS)http://pul/name/45472 830 2$aI Codici vigenti 2025.$0(OLS)http://pul/title/219536 850 $aPUL 852 $aPUL$W1$xSL Diritto e Scienze Sociali 3$y79$m348. 45 COD 3.1.173$j201917$qDDC 21$B206965$CPULBib$Z2$F206965 $H138105 $82 941 1 $a9 996 $6020$z978-88-291-1706-2*$9(OLS)http://pul/number/170553 996 $6084$a343.45$9(OLS)http://pul/classification/3449 996 $6245$aCodice tributario :$baggiornato con la legge di bilancio 2025 (L. 30 dicembre 2024, n. 207) e i decreti di attuazione della legge delega fiscale$9(OLS)http://pul/title/219539 996 $6260$aPiacenza :$bLa Tribuna$9(OLS)http://pul/publisher/69734